<?xml version="1.0" encoding="UTF-8"?><?xml-stylesheet type="text/xsl" href="static/style.xsl"?><OAI-PMH xmlns="http://www.openarchives.org/OAI/2.0/" xmlns:xsi="http://www.w3.org/2001/XMLSchema-instance" xsi:schemaLocation="http://www.openarchives.org/OAI/2.0/ http://www.openarchives.org/OAI/2.0/OAI-PMH.xsd"><responseDate>2026-04-18T00:06:27Z</responseDate><request verb="GetRecord" identifier="oai:www.recercat.cat:20.500.12327/3711" metadataPrefix="marc">https://recercat.cat/oai/request</request><GetRecord><record><header><identifier>oai:recercat.cat:20.500.12327/3711</identifier><datestamp>2025-10-22T11:13:28Z</datestamp><setSpec>com_2072_4428</setSpec><setSpec>com_2072_4427</setSpec><setSpec>col_2072_487898</setSpec></header><metadata><record xmlns="http://www.loc.gov/MARC21/slim" xmlns:dcterms="http://purl.org/dc/terms/" xmlns:xsi="http://www.w3.org/2001/XMLSchema-instance" xmlns:doc="http://www.lyncode.com/xoai" xsi:schemaLocation="http://www.loc.gov/MARC21/slim http://www.loc.gov/standards/marcxml/schema/MARC21slim.xsd">
   <leader>00925njm 22002777a 4500</leader>
   <datafield ind2=" " ind1=" " tag="042">
      <subfield code="a">dc</subfield>
   </datafield>
   <datafield ind2=" " ind1=" " tag="720">
      <subfield code="a">Gracia-Romero, Adrian</subfield>
      <subfield code="e">author</subfield>
   </datafield>
   <datafield ind2=" " ind1=" " tag="720">
      <subfield code="a">Segarra, Joel</subfield>
      <subfield code="e">author</subfield>
   </datafield>
   <datafield ind2=" " ind1=" " tag="720">
      <subfield code="a">Rezzouk, Fatima Zahra</subfield>
      <subfield code="e">author</subfield>
   </datafield>
   <datafield ind2=" " ind1=" " tag="720">
      <subfield code="a">Aparicio, Nieves</subfield>
      <subfield code="e">author</subfield>
   </datafield>
   <datafield ind2=" " ind1=" " tag="720">
      <subfield code="a">Kefauver, Shawn C.</subfield>
      <subfield code="e">author</subfield>
   </datafield>
   <datafield ind2=" " ind1=" " tag="720">
      <subfield code="a">Araus, José Luis</subfield>
      <subfield code="e">author</subfield>
   </datafield>
   <datafield ind2=" " ind1=" " tag="260">
      <subfield code="c">2025-02-12</subfield>
   </datafield>
   <datafield ind2=" " ind1=" " tag="520">
      <subfield code="a">Durum wheat production is concentrated in Mediterranean climate regions, making it essential to develop cultivars that adapt to its changing conditions, including water and heat stress. In this regard, photosynthetic capacity estimates may help improve the selection of the most adapted cultivars. However, the cost and inherent low throughput of the usual methodological approaches makes, in many cases, phenotyping unfeasible, particularly under field conditions. This study uses leaf photosynthetic measurements taken with a low-cost handheld chlorophyll sensor (MultispeQ Photosynq) and a biomass sensitive sensor (GreenSeeker) measuring the normalized difference vegetation index (NDVI) to assess the performance of six modern durum wheat cultivars. The sensors were employed at anthesis and grain filling under two different types of management (rainfed and support irrigation) for two growing seasons. Compared to irrigated plants, rainfed trials had significantly lower photosynthetic performance during the two phenological stages evaluated. Significant genotype differences in steady-state fluorescence yield (Fs) and maximum fluorescence yield (Fm′) across treatments and crop seasons were found. This study shows that leaf chlorophyll fluorescence parameters can be used to select modern wheat cultivars with an open-source, low-cost, handheld sensor (Photosynq).</subfield>
   </datafield>
   <datafield ind1="8" ind2=" " tag="024">
      <subfield code="a">Gracia-Romero, Adrian, Joel Segarra, Fatima Zahra Rezzouk, Nieves Aparicio, Shawn C. Kefauver, and José Luis Araus. 2025. “In-Field Phenotyping Using the Low-Cost and Open Access Fluorescence PhotosynQ Multispeq Sensor Together with NDVI: A Case Study with Durum Wheat.” Agriculture 15 (4) : 385. https://doi.org/10.3390/agriculture15040385.</subfield>
   </datafield>
   <datafield ind1="8" ind2=" " tag="024">
      <subfield code="a">2077-0472</subfield>
   </datafield>
   <datafield ind1="8" ind2=" " tag="024">
      <subfield code="a">http://hdl.handle.net/20.500.12327/3711</subfield>
   </datafield>
   <datafield ind1="8" ind2=" " tag="024">
      <subfield code="a">https://doi.org/10.3390/agriculture15040385</subfield>
   </datafield>
   <datafield ind2="0" ind1="0" tag="245">
      <subfield code="a">In-Field Phenotyping Using the Low-Cost and Open Access Fluorescence PhotosynQ Multispeq Sensor Together with NDVI: A Case Study with Durum Wheat</subfield>
   </datafield>
</record></metadata></record></GetRecord></OAI-PMH>